=LDR 00000nam 2200000 4500 =001 INLIS000000000055826 =005 20200811073850 =035 ##$$a 0010-0720000130 =007 ta =008 200811################g##########0#ind## =082 ##$$a 2x7.15 =084 ##$$a 2x7.15 AHY p =100 #$$a Ahyadi, Abdul Aziz =245 1#$$a Psikologi agama : $b Kepribadian muslim pancasila /$c Drs. H. Abdul Aziz Ahyadi =260 ##$$a Bandung :$b Sinar baru,$c 1995 =300 ##$$a 225 hlm ; $c 14 x 21 cm =504 ##$$a Bibliografi : hlm, 223-225 =600 #4$$a Filsafat - islam =990 ##$$a 133.185/pro-98